| 000 | 00904nam a22002657a 4500 | ||
|---|---|---|---|
| 003 | OSt | ||
| 005 | 20220512040237.0 | ||
| 008 | 170328b xxu||||| |||| 00| 0 eng d | ||
| 010 | _a 97068686 | ||
| 020 | _a0789712954 | ||
| 040 |
_aMMU _cMMU _dMMU _beng. |
||
| 050 | 0 | 0 |
_aTK7887 _b.M84 1997 |
| 082 | 0 | 0 |
_a621.39/16 _221 |
| 100 | 1 | _aMueller, Scott. | |
| 245 | 1 | 0 |
_aUpgrading and repairing PCs / _cScott Mueller. |
| 250 | _a8th ed. | ||
| 260 |
_aIndianapolis, IN : _bQue, _cc1997. |
||
| 300 |
_axxii, 1168 p. : _bill. ; _c23 cm. + _e1 computer laser optical disc (4 3/4 in.) |
||
| 500 | _aIncludes index. | ||
| 538 | _aSystems requirements for accompanying computer disc: IBM PC or compatible system; Microsoft Windows. | ||
| 650 | 0 |
_aMicrocomputers _xMaintenance and repair. |
|
| 650 | 0 |
_aMicrocomputers _xEquipment and supplies. |
|
| 650 | 0 |
_aMicrocomputers _xUpgrading. |
|
| 942 |
_2lcc _cLOAN LOAN |
||
| 999 |
_c26241 _d26241 |
||